UM Logo

Language learning styles of Senior High School students in UM Digos (Record no. 12406)

MARC details
000 -LEADER
fixed length control field 00644nam a22001697a 4500
008 - FIXED-LENGTH DATA ELEMENTS--GENERAL INFORMATION
fixed length control field 190124b ||||| |||| 00| 0 eng d
082 ## - DEWEY DECIMAL CLASSIFICATION NUMBER
Edition number 2018
Classification number UT 1137
Item number F45
100 ## - MAIN ENTRY--PERSONAL NAME
Personal name Fiel, Joycee Mae S.
9 (RLIN) 35011
245 ## - TITLE STATEMENT
Title Language learning styles of Senior High School students in UM Digos
Statement of responsibility, etc. Joycee Mae S. Fiel, Resweetcel B. Paninsoro, and Ruth A. Maglasang
260 ## - PUBLICATION, DISTRIBUTION, ETC. (IMPRINT)
Place of publication, distribution, etc. Digos City:
Name of publisher, distributor, etc. UMDC
Date of publication, distribution, etc. October 2018.
300 ## - PHYSICAL DESCRIPTION
Extent 56 pages;
Dimensions 30 cm.
650 ## - SUBJECT ADDED ENTRY--TOPICAL TERM
Topical term or geographic name as entry element Education
Form subdivision English
General subdivision Undergraduate thesis.
9 (RLIN) 35012
700 ## - ADDED ENTRY--PERSONAL NAME
Personal name Fiel, Joycee Mae S.
9 (RLIN) 35011
700 ## - ADDED ENTRY--PERSONAL NAME
Personal name Paninsoro, Resweetcel B.
9 (RLIN) 35013
700 ## - ADDED ENTRY--PERSONAL NAME
Personal name Maglasang, Ruth A.
9 (RLIN) 35014
942 ## - ADDED ENTRY ELEMENTS (KOHA)
Source of classification or shelving scheme Dewey Decimal Classification
Koha item type Undergraduate Thesis
Holdings
Withdrawn status Lost status Source of classification or shelving scheme Damaged status Not for loan Home library Current library Date acquired Total Checkouts Full call number Barcode Date last seen Price effective from Koha item type
    Dewey Decimal Classification     UM Digos College - LIC UM Digos College - LIC 01/15/2019   UT 1137 F45 2018 UT1137 01/30/2019 01/29/2019 Undergraduate Thesis